LEADER 01268nam0 22003011i 450 001 UON00229996 005 20231205103456.830 100 $a20030730d1968 |0itac50 ba 101 $afre 102 $aFR 105 $a|||| ||||| 200 1 $a Questions II$fMartin Heidegger$gtrad. de Jean Beaufret$bet al.] 205 $aParis : Gallimard$b1968 210 $a277 p.$a19 cm 215 $aCont.: Qu'est que la philosophie?; hegel et les Grecs; La these de Kant sur l'etre; La doctrine de Platon sur la verité; Ce qu'est et comment se détermine la physis 410 1$1001UON00176837$12001 $a Classiques de la Philosophie$1210 $aParis$cGallimard. 606 $aFilosofia$xStudi$3UONC049702$2FI 620 $aFR$dParis$3UONL002984 676 $a101$cTeoria della filosofia$v20 700 1$aHeidegger$bMartin$3UONV061177$010351 702 1$aBEAUFRET$bJean$3UONV059835 712 $aGallimard$3UONV246610$4650 801 $aIT$bSOL$c20250620$gRICA 899 $aSIBA - SISTEMA BIBLIOTECARIO DI ATENEO$2UONSI 912 $aUON00229996 950 $aSIBA - SISTEMA BIBLIOTECARIO DI ATENEO$dSI FS 01341 $eSI LO 5652 5 996 $aQuestions II$91272216 997 $aUNIOR